| 000 | 00829nam a22001577a 4500 | ||
|---|---|---|---|
| 003 | OSt | ||
| 005 | 20151202131750.0 | ||
| 008 | 151202b xxu||||| |||| 00| 0 eng d | ||
| 040 | _cRUA | ||
| 082 | _aFIS LOE 2001 B173 Or.1 | ||
| 100 |
_94129 _aLOEU, RATANAK. |
||
| 245 | _aThe effect of using rice brand and dackweed water spinach and rice brand and pellet on the growth and sorvival rate of barbodes altus, ឥទ្ធិពលនៃការប្រើប្រាស់ចំណីកន្ទក់និងចកបាយទា កន្ទក់ និងត្រកួន និងចំណីគ្រាប់ទៅលើអត្រាលូតលាស់និងអត្រារស់របស់ត្រីកាហែ | ||
| 260 |
_aPhnom Penh _bRUA _c2001 |
||
| 300 |
_a44p. _bill. _c29cm. |
||
| 942 |
_2ddc _cFIS |
||
| 999 |
_c3842 _d3842 |
||